Current Events - U.S. | 2 | 15.00 | 50% | 50% | 50% |
Current Events - World | 1 | 10.00 | 100% | 0% | 0% |
Fine Arts - Architecture | 1 | 20.00 | 100% | 100% | 0% |
Fine Arts - Film | 2 | 15.00 | 100% | 50% | 0% |
Fine Arts - Jazz | 2 | 10.00 | 50% | 50% | 0% |
Fine Arts - Miscellaneous | 2 | 10.00 | 100% | 0% | 0% |
Fine Arts - Music | 8 | 17.50 | 88% | 63% | 25% |
Fine Arts - Opera | 2 | 15.00 | 100% | 50% | 0% |
Fine Arts - Painting | 10 | 20.00 | 100% | 60% | 40% |
Fine Arts - Sculpture | 2 | 20.00 | 100% | 50% | 50% |
Geography - Europe | 1 | 0.00 | 0% | 0% | 0% |
Geography - United States | 1 | 20.00 | 100% | 100% | 0% |
Geography - World | 1 | 10.00 | 100% | 0% | 0% |
History - American | 10 | 16.00 | 90% | 60% | 10% |
History - Cross, Historiography, and Miscellaneous | 6 | 13.33 | 100% | 17% | 17% |
History - European | 8 | 11.25 | 100% | 13% | 0% |
History - World | 10 | 16.00 | 100% | 50% | 10% |
Literature - American | 10 | 16.00 | 100% | 40% | 20% |
Literature - British | 7 | 18.57 | 100% | 71% | 14% |
Literature - European | 7 | 15.71 | 86% | 57% | 14% |
Literature - World and Miscellaneous | 6 | 23.33 | 100% | 100% | 33% |
Other - Other Academic and General Knowledge | 6 | 15.00 | 83% | 50% | 17% |
RMP - Christian Practice | 2 | 10.00 | 50% | 0% | 50% |
RMP - Greco-Roman Mythology | 3 | 20.00 | 100% | 67% | 33% |
RMP - Hebrew Bible | 1 | 10.00 | 100% | 0% | 0% |
RMP - Hinduism | 1 | 10.00 | 100% | 0% | 0% |
RMP - Islam | 1 | 20.00 | 100% | 100% | 0% |
RMP - New Testament | 2 | 10.00 | 100% | 0% | 0% |
RMP - Other Religion | 2 | 15.00 | 100% | 0% | 50% |
RMP - Philosophy | 4 | 25.00 | 100% | 75% | 75% |
RMP - World Mythology | 5 | 26.00 | 100% | 80% | 80% |
Science - Astronomy | 2 | 15.00 | 100% | 50% | 0% |
Science - Biology | 7 | 11.43 | 86% | 29% | 0% |
Science - Chemistry | 5 | 22.00 | 80% | 100% | 40% |
Science - Computer Science | 1 | 30.00 | 100% | 100% | 100% |
Science - Earth | 2 | 10.00 | 100% | 0% | 0% |
Science - Engineering and Miscellaneous | 2 | 15.00 | 100% | 0% | 50% |
Science - Math | 2 | 20.00 | 100% | 50% | 50% |
Science - Physics | 8 | 15.00 | 88% | 50% | 13% |
Social Science - Economics | 3 | 13.33 | 67% | 67% | 0% |
Social Science - Linguistics | 1 | 20.00 | 100% | 100% | 0% |
Social Science - Other | 1 | 20.00 | 100% | 100% | 0% |
Social Science - Psychology | 2 | 25.00 | 100% | 100% | 50% |
Social Science - Sociology | 1 | 20.00 | 100% | 100% | 0% |